000
00183nam a2200073Ia 4500
008
170817s9999 xx 000 0 und d
100
_a
SHARMA R.A.
245
0
_a
PEDAGOGICS OF EDUCATION
260
_b
LOYAL BOOK D.MEERUT
999
_c
36523
_d
36523